[Event "44th Guernsey Festival 2018"]
[Site "Vale"]
[Date "2018.10.21"]
[Round "1"]
[White "Korneev, Oleg"]
[Black "Dilleigh, Stephen P"]
[Result "1-0"]
[WhiteElo "2560"]
[BlackElo "1986"]
[Annotator "TA"]
[PlyCount "77"]
[EventDate "2018.10.21"]
[EventCountry "GCI"]
[SourceTitle "playchess.com"]
[Source "ChessBase"]
[SourceQuality "1"]

{[%evp 11,77,18,15,8,18,0,11,27,26,29,36,25,24,20,18,1,19,6,19,14,54,23,51,51,55,56,85,85,91,100,166,163,178,174,233,233,244,269,269,270,270,272,337,286,289,281,287,278,499,451,502,439,424,262,271,255,266,240,1989,1927,1962,1651,1676,1850,2023,1691,1615,1435]} 1. e4 e6 2. d4 d5 3. Nd2 c5 4. Ngf3 {[%cal Bg1f3,Bf3d4,Bd4b5][%mdl 32]} cxd4 5. Nxd4 Nf6 6. exd5 Qxd5 7. Nb5 {[#] Black must now prevent Nc7+. C07: French Tarrasch: 3...c5, 4 Ngf3 and 4 exd5 Qxd5} Na6 8. Nc3 Qd8 (8... Qd6 9. a3 Bd7 10. Nc4 Qxd1+ 11. Nxd1 Nc5 12. Nc3 Na4 13. Nxa4 Bxa4 14. b3 Bd7 {½-½ (62) Kovalev,V (2655)-Nisipeanu,L (2672) Dortmund 2018}) 9. a3 {The position is equal.} Nc7 10. Bd3 Ncd5 11. Nxd5 Qxd5 12. O-O Bd7 13. Qf3 $146 (13. Re1 {is interesting.} Rd8 14. Nf3 Bd6 15. Bg5 Bc6 16. h3) ({Predecessor:} 13. Re1 Bc6 14. Nf3 Bd6 {½-½ (43) Repp,H (2507)-Talpak,T (2525) ICCF email 2012}) 13... Qxf3 14. Nxf3 Bd6 15. Re1 O-O-O 16. Be3 {[%cal Bc1e3,Be3d4,Bd4e5][%mdl 32]} Kb8 17. Bd4 Bc6 18. Ne5 Bxe5 19. Bxe5+ Kc8 20. b4 {[%cal Bb2b4,Bb4b5][%mdl 32]} Rd5 (20... Ba4 $16) 21. a4 $18 b6 22. Ra3 Rhd8 (22... Bb7 {was called for.} 23. Bc4 Rd2) 23. Rc3 Kd7 24. b5 Ba8 25. Rc7+ Ke8 26. Rxa7 Nd7 27. Bc7 ({Less strong is} 27. Bxg7 Rg5 $16) 27... Rc8 28. f3 ({Resist} 28. Bxh7 g6 $18) 28... Rc5 29. Bg3 h6 $2 (29... Bd5 {was necessary.} 30. Bd6 (30. Bxh7 g6 $16) 30... Rxc2 31. Bxc2 (31. Bxh7 Rd2 $16) 31... Rxc2) 30. c4 e5 31. Bf5 R5c7 32. Rxc7 Rxc7 33. Bxe5 Nxe5 34. Rxe5+ Re7 $2 (34... Kd8 35. Bd3 Rd7) 35. Rxe7+ {White is clearly winning.} Kxe7 {[#] KB-KB} 36. c5 $1 bxc5 37. Be4 Bxe4 38. fxe4 Kd6 39. Kf2 {Precision: White = 87%, Black = 31%.} 1-0

[Event "44th Guernsey Festival 2018"]
[Site "Vale"]
[Date "2018.10.22"]
[Round "2"]
[White "Hillarp Persson, Tiger"]
[Black "Purdon, Colin"]
[Result "1-0"]
[WhiteElo "2544"]
[BlackElo "2036"]
[Annotator "TA"]
[PlyCount "84"]
[EventDate "2018.10.21"]
[EventCountry "GCI"]
[SourceTitle "playchess.com"]
[Source "ChessBase"]
[SourceQuality "1"]

{[%evp 19,84,48,53,47,62,78,98,60,58,65,107,77,77,90,38,14,141,85,145,141,181,180,218,254,252,266,235,254,277,212,192,112,265,242,306,174,146,0,290,279,350,340,487,462,500,511,991,990,1585,249,247,257,257,256,240,241,410,410,410,409,400,395,398,401,401,393,393]} 1. Nf3 d5 2. c4 d4 3. g3 Nc6 4. Bg2 e5 5. O-O Nf6 6. d3 a5 7. e3 {A09: Réti Opening: 1 Nf3 d5 2 c4} Be7 (7... dxe3 8. Bxe3 Be7 9. Nc3 O-O 10. d4 exd4 11. Nxd4 Nxd4 12. Qxd4 Qxd4 13. Bxd4 c6 14. b3 Be6 {1-0 (40) Tomashevsky,E (2731)-Svidler,P (2745) Moscow 2016}) 8. exd4 exd4 9. Na3 O-O 10. Nb5 Bf5 {LiveBook: 8 Games} 11. Re1 $146 ({Predecessor:} 11. Bf4 Ne8 12. Re1 g5 13. Be5 Bc5 14. h3 f6 {1-0 (33) Reinderman,D (2599)-Haslinger,S (2513) Delft 2016}) 11... Qd7 12. Bf4 Rac8 13. a3 Rfe8 14. Qd2 Nh5 15. Ne5 Nxe5 16. Bxe5 c5 17. Re2 Bf6 {[#]} (17... f6 $11) 18. Rae1 ({Better is} 18. Bc7 $1 {[%mdl 512]}) 18... Bxe5 (18... g6 $142) 19. Rxe5 $16 Rxe5 20. Rxe5 b6 {[#]} 21. Rd5 $1 {[%cal Rd5d7]} Qe6 22. Rd6 Qe7 23. Rxb6 Rd8 24. h3 Nf6 25. Kh2 (25. Rb7 $18 Qe8 26. g4) 25... Bg6 $2 (25... h5 $16 26. Rc6 h4) 26. Rb7 $18 Rd7 27. Rb8+ (27. Qxa5 $142 h6 28. Rxd7 Nxd7 29. Qc7 Bxd3 30. Nd6 (30. Bc6 Bf5 $16)) 27... Rd8 28. Rb7 (28. Rxd8+ $16 Qxd8 29. Na7) 28... Rd7 29. Qxa5 Rxb7 30. Qa8+ Qe8 (30... Rb8 $142 31. Qxb8+ Qf8 32. Qxf8+ Kxf8) 31. Qxb7 Bxd3 32. a4 {[%cal Ba3a4,Ba4a5][%mdl 32]} h6 (32... Qd7 $142 33. Qb8+ Qe8) 33. a5 Be4 34. Nd6 $2 (34. Bxe4 Nxe4 35. a6 Nxg3 36. a7) 34... Bxb7 35. Nxe8 {[%mdl 4096] Endgame KBN-KBN} Ba6 36. Nc7 Bxc4 {intending ...d3.} 37. a6 {Black must now prevent a7.} Bxa6 $2 (37... Ne8 {might work better.}) 38. Nxa6 {White is winning.} c4 39. Nb4 Nd7 40. Nc2 c3 41. bxc3 dxc3 42. Kg1 Kh8 {Precision: White = 68%, Black = 31%.} 1-0

[Event "44th Guernsey Festival 2018"]
[Site "Vale"]
[Date "2018.10.22"]
[Round "2"]
[White "Cornelisse, John"]
[Black "Thurlow, Kevin J"]
[Result "1-0"]
[WhiteElo "2184"]
[BlackElo "2002"]
[Annotator "NA"]
[PlyCount "87"]
[EventDate "2018.10.21"]
[EventCountry "GCI"]
[SourceTitle "playchess.com"]
[Source "ChessBase"]
[SourceQuality "1"]

1. d4 Nf6 2. c4 e6 3. Nc3 d5 4. Nf3 c5 5. cxd5 exd5 6. g3 Nc6 7. Bg2 Be6 8. O-O Be7 9. dxc5 Bxc5 10. Bg5 Be7 11. Nd4 O-O 12. Nxe6 fxe6 13. Bh3 Qd7 14. e4 d4 15. Qb3 Nd8 16. Rad1 Kh8 17. e5 Nd5 18. Qxd5 Qxd5 19. Nxd5 Bxg5 20. Nc7 Rc8 21. Nxe6 Nxe6 22. Bxe6 Rc2 23. f4 Be7 24. Rf2 Rc7 25. Kg2 Bc5 26. Rc2 Rd8 27. Rdc1 b6 28. b4 d3 29. Rd2 Bxb4 30. Rxd3 Rxd3 31. Rxc7 g6 32. f5 gxf5 33. Rxh7+ Kxh7 34. Bxf5+ Kg7 35. Bxd3 Bc3 36. e6 Kf6 37. Bc4 b5 38. Bxb5 Kxe6 39. Kf3 Kf6 40. h4 Kg6 41. Be8+ Kh6 42. g4 a5 43. g5+ Kg7 44. Ke4 1-0

[Event "44th Guernsey Festival 2018"]
[Site "Vale"]
[Date "2018.10.22"]
[Round "2"]
[White "Reijneveld, Ad"]
[Black "Collier, David O"]
[Result "0-1"]
[WhiteElo "2089"]
[BlackElo "1999"]
[Annotator "NA"]
[PlyCount "66"]
[EventDate "2018.10.21"]
[EventCountry "GCI"]
[SourceTitle "playchess.com"]
[Source "ChessBase"]
[SourceQuality "1"]

1. d4 Nf6 2. Nf3 d5 3. Bf4 c5 4. c3 Qb6 5. Qb3 c4 6. Qc2 {D02: 1 d4 d5 2 Nf3 sidelines, including 2...Nf6 3 g3 and 2...Nf6 3 Bf4} (6. Qxb6 axb6 7. Bxb8 Rxb8 8. Nbd2 Bf5 9. g3 h6 10. Bg2 e6 11. O-O b5 12. a3 Bh7 13. Ne1 Bd6 14. Rc1 Ne4 15. Nxe4 dxe4 {0-1 (48) Fernandez,D (2468)-Svane,R (2555) London 2016}) 6... g6 7. e3 Bf5 8. Qc1 Bg7 9. h3 O-O 10. Nbd2 Nbd7 11. Be2 Rfe8 $146 ({Predecessor:} 11... Ne4 12. Nxe4 Bxe4 13. O-O Bxf3 14. Bxf3 {½-½ (59) Kohtz,A (2030)-Kessler,B (2082) Hamburg 2011}) 12. O-O Ne4 13. g4 Nxd2 14. Qxd2 Be6 15. Ng5 Nf6 16. Nxe6 Qxe6 17. f3 Qc6 18. b3 b5 19. a4 $14 a6 20. bxc4 bxc4 21. Rfb1 Nd7 22. e4 e5 23. dxe5 dxe4 24. Qd6 Qxd6 25. exd6 Bxc3 26. Ra2 Rac8 27. Rb7 Nc5 28. Rc7 Rxc7 29. dxc7 Ne6 30. Bxc4 Nxf4 31. Bxa6 e3 32. Rc2 e2 33. Bxe2 Rc8 0-1

[Event "44th Guernsey Festival 2018"]
[Site "Vale"]
[Date "2018.10.22"]
[Round "2"]
[White "Sedgwick, David"]
[Black "Korneev, Oleg"]
[Result "0-1"]
[WhiteElo "2013"]
[BlackElo "2560"]
[Annotator "TA"]
[PlyCount "56"]
[EventDate "2018.10.21"]
[EventCountry "GCI"]
[SourceTitle "playchess.com"]
[Source "ChessBase"]
[SourceQuality "1"]

{[%evp 25,56,-45,-42,-46,-30,-56,-52,-66,-39,-76,-56,-52,-59,-67,-61,-73,-67,-84,-97,-159,-133,-179,-178,-267,-258,-325,-325,-423,-411,-482,-506,-490,-478]} 1. e4 e5 2. Nf3 Nc6 3. Bc4 Bc5 4. c3 Nf6 5. d4 exd4 6. cxd4 Bb4+ 7. Nc3 Nxe4 8. O-O Bxc3 9. d5 Bf6 10. Re1 Ne7 11. Rxe4 d6 12. Bg5 Bxg5 13. Nxg5 h6 14. Nf3 {With the idea Qe2. C54: Giuoco Piano: 4 c3 Nf6, main lines with 5 d4 and 5 d3} (14. Qe2 hxg5 15. Re1 Be6 16. dxe6 f6 17. Re3 c6 18. Rh3 Rxh3 19. gxh3 g6 20. Bd3 Qa5 21. b4 Qe5 22. Qd2 Qf4 23. Qc2 O-O-O 24. b5 c5 25. Kg2 g4 26. Re3 Rh8 27. Rg3 gxh3+ {0-1 (35) Oros,R (2302)-Zubov,A (2604) Lvov 2017}) 14... O-O $1 15. Qd2 Bd7 $146 ({Predecessor:} 15... Ng6 16. Rae1 Bf5 17. R4e3 Qf6 18. Bb3 Rac8 19. Nd4 Bd7 20. Bc2 Rfe8 21. Re4 Rxe4 22. Rxe4 {0-1 (47) Winkel,R (1818)-Erwich,M (2118) Soest 1999}) 16. Rae1 {Black is slightly better.} Ng6 {[%cal Be7g6,Bg6e5,Be5g4,Bg4f6][%mdl 32]} 17. Nd4 Re8 (17... c6 {looks sharper.} 18. dxc6 bxc6 19. R4e3 Qf6 20. b4 Rae8) 18. Rxe8+ Bxe8 19. Bd3 Ne5 20. Bc2 Bd7 21. f4 Ng4 22. Bf5 (22. Bd1 $142) 22... Nf6 23. Bxd7 Qxd7 ({But not} 23... Nxd7 24. Nf5 $15) 24. Nf3 (24. Ne2 $142) 24... Qb5 25. Rd1 Re8 26. Qd3 Qxb2 27. Rb1 Qxa2 28. Rxb7 Nxd5 {Precision: White = 13%, Black = 93%.} 0-1

[Event "44th Guernsey Festival 2018"]
[Site "Vale"]
[Date "2018.10.22"]
[Round "2"]
[White "Prins, Jan"]
[Black "Le Roux, Jean-Pierre"]
[Result "0-1"]
[WhiteElo "2003"]
[BlackElo "2532"]
[Annotator "TA"]
[PlyCount "77"]
[EventDate "2018.10.21"]
[EventCountry "GCI"]
[SourceTitle "playchess.com"]
[Source "ChessBase"]
[SourceQuality "1"]

{[%evp 12,77,0,0,23,0,4,-37,-36,-58,-50,-51,-58,-52,-44,-89,-89,-101,-90,-130,-130,-185,-181,-188,-194,-277,-289,-282,-269,-383,-331,-326,-328,-485,-478,-479,-485,-485,-484,-474,-479,-502,-502,-499,-499,-499,-490,-476,-487,-482,-491,-491,-491,-485,-502,-447,-456,-564,-502,-597,-583,-717,-623,-575,-490,-832,-490,-490]} 1. Nf3 Nf6 2. g3 g6 3. Bg2 d5 4. d4 Bg7 5. O-O O-O 6. Bf4 c5 7. c3 {LiveBook: 28 Partien. D02: Damenbauernspiele} (7. dxc5 Nbd7 8. Nc3 Nxc5 9. Qc1 Nfe4 10. Bh6 Nxc3 11. bxc3 Ne4 12. Bxg7 Kxg7 13. c4 dxc4 14. Qf4 Nf6 {0-1 (53) Matuszewski,M (2505)-Kempinski,R (2575) Poland 2018}) 7... Nfd7 8. dxc5 $146 ({Vorgänger:} 8. Na3 Qb6 9. Qb3 Qxb3 10. axb3 cxd4 11. cxd4 Na6 12. Nb5 Nf6 13. Rfc1 Nh5 14. Bg5 e6 {½-½ (46) Mishuchkov,N (2320)-Gokerkan,C (2205) Pardubice 2015}) 8... Nxc5 9. Ne5 {Die Stellung ist ausgeglichen.} Nc6 10. Nxc6 bxc6 11. Be3 Qd6 12. Nd2 a5 {[%cal Ba7a5,Ba5a4][%mdl 32]} 13. Bxc5 Qxc5 14. e4 a4 $36 {[%mdl 2048] Schwarz bestimmt, wo es lang geht.} 15. Re1 d4 16. c4 (16. e5 $17 {war nötig.}) 16... d3 $19 17. Rb1 Rd8 18. b4 (18. e5 $142) 18... axb3 $1 19. axb3 Ra2 20. e5 (20. Rf1 {war einen Versuch wert.}) 20... Bxe5 21. b4 Qd4 22. Bxc6 (22. Be4 $142) 22... Bg4 {Schwarz steht klar auf Gewinn.} 23. Re4 Bxd1 24. Rxd4 Bxd4 25. Rxd1 Bc3 26. Nf1 Bxb4 27. Be4 Bc5 28. Ne3 d2 29. Kf1 Bxe3 30. fxe3 {[%mdl 4096] Endspiel KTT-KTL} Ra4 31. Ke2 Rxc4 32. Bd3 Rc6 33. Rxd2 Rcd6 34. e4 Kg7 35. Ke3 e5 36. g4 h6 37. Rd1 Kf8 38. Rd2 (38. h3 $142) 38... Rd4 {zielt auf ...f5! ab.} 39. h3 {Precision: Weiß = 51%, Schwarz = 72%.} 0-1

[Event "44th Guernsey Festival 2018"]
[Site "Vale"]
[Date "2018.10.22"]
[Round "2"]
[White "Foran, Barry"]
[Black "Strade, Arita"]
[Result "0-1"]
[WhiteElo "1688"]
[BlackElo "1846"]
[Annotator "NA"]
[PlyCount "58"]
[EventDate "2018.10.21"]
[EventCountry "GCI"]
[SourceTitle "playchess.com"]
[Source "ChessBase"]
[SourceQuality "1"]

1. d4 Nf6 2. Nf3 e6 3. e3 b6 4. Bd3 Bb7 5. O-O Be7 6. c4 O-O 7. Nc3 d5 8. b3 Ne4 9. Qc2 f5 10. cxd5 exd5 11. Ne5 Rf6 12. Ne2 Nc6 13. a3 g6 14. Nf4 Nxe5 15. dxe5 Rc6 16. Qd1 g5 17. Nxd5 Qxd5 18. Bc4 Rxc4 19. Qxd5+ Bxd5 20. bxc4 Bxc4 21. Rd1 Be6 22. Bb2 Nc5 23. Rac1 Rc8 24. Bd4 Nb3 25. Rc6 Bd5 26. Rh6 c6 27. a4 Kg7 28. Rh3 g4 29. Rg3 Bh4 0-1

[Event "44th Guernsey Festival 2018"]
[Site "Vale"]
[Date "2018.10.23"]
[Round "3"]
[White "Korneev, Oleg"]
[Black "Grieve, Harry"]
[Result "1-0"]
[WhiteElo "2560"]
[BlackElo "2292"]
[Annotator "TA"]
[PlyCount "51"]
[EventDate "2018.10.21"]
[EventCountry "GCI"]
[SourceTitle "playchess.com"]
[Source "ChessBase"]
[SourceQuality "1"]

{[%evp 17,51,21,25,-8,48,49,50,50,41,40,83,85,101,91,130,121,127,122,120,122,553,554,581,500,1249,1235,1227,1202,1820,1608,3387,1286,1243,1194,1153,1102]} 1. e4 c6 2. d4 d5 3. e5 c5 4. Nf3 Nc6 5. dxc5 e6 6. a3 {B12: Caro-Kann: Advance Variation} a5 7. Be3 Nh6 8. c3 Nf5 9. Bd4 Bd7 {LiveBook: 12 Games} 10. a4 $146 ({Predecessor:} 10. Be2 Be7 11. O-O g5 12. g4 Nfxd4 13. cxd4 {1-0 (43) Naiditsch,A (2684)-Dragnev,V (2385) Germany 2015}) 10... Nfxd4 (10... g5 $11) 11. cxd4 $14 b6 12. cxb6 $1 Qxb6 13. Bb5 Na7 14. Bxd7+ Kxd7 15. O-O Qxb2 16. Nbd2 {[%cal Bb1d2,Bd2b3,Bb3c5][%mdl 32]} Bb4 17. Rb1 Qa2 {[#]} 18. Nb3 $1 h6 $2 {[%mdl 8192]} (18... Rac8 $16 {is more resistant.}) 19. Ne1 $18 {White is clearly winning.} Bxe1 20. Nc5+ ({Not} 20. Rxe1 Rab8 $18) (20. Qxe1 Rhc8 $16) 20... Kc6 (20... Ke8 $142 21. Rxe1 Nc6) 21. Rxe1 Rhb8 22. Ra1 Qc4 23. Rc1 Qa2 24. Re2 (24. Qf3 $142 f6 25. exf6) 24... Qa3 25. Rec2 Rb4 26. Ra1 {Precision: White = 76%, Black = 24%.} 1-0

[Event "44th Guernsey Festival 2018"]
[Site "Vale"]
[Date "2018.10.23"]
[Round "3"]
[White "Le Roux, Jean-Pierre"]
[Black "Cornelisse, John"]
[Result "1/2-1/2"]
[WhiteElo "2532"]
[BlackElo "2184"]
[Annotator "TA"]
[PlyCount "141"]
[EventDate "2018.10.21"]
[EventCountry "GCI"]
[SourceTitle "playchess.com"]
[Source "ChessBase"]
[SourceQuality "1"]

{[%evp 15,141,24,33,23,23,28,17,0,31,13,22,7,14,15,27,27,33,31,30,30,26,14,23,-16,35,27,52,47,48,39,81,41,50,57,100,97,82,102,100,99,85,84,90,84,107,101,183,177,191,189,361,340,335,261,243,197,170,140,101,137,173,94,96,87,178,182,163,116,122,134,127,112,176,172,169,159,140,145,179,150,142,149,114,117,211,212,225,216,355,341,362,359,517,516,485,470,504,345,343,349,425,427,419,407,357,271,1073,677,1900,1370,2283,2237,1422,552,568,257,257,256,29977,29978,29979,29980,29980,29980,29980,29981,29985,29986]} 1. d4 g6 2. Nf3 Bg7 3. g3 Nf6 4. Bg2 O-O 5. O-O d6 6. a4 a5 7. Nc3 c6 8. e4 {A49: 1 d4 Nf6 2 Nf3 g6 3 g3: Anti-King's Indian systems} Qc7 {LiveBook: 17 Games} 9. e5 (9. Bf4 Nh5 10. Be3 Na6 11. Qd2 Nb4 12. Rfe1 Nf6 13. Rad1 Ng4 14. Bg5 h6 15. Bf4 e5 16. dxe5 dxe5 {1-0 (74) Ragger,M (2687)-Petrosian,T (2625) Minsk 2015}) 9... dxe5 10. Nxe5 {White has an edge.} Be6 11. Qe2 $146 ({Predecessor:} 11. Ne2 Bd5 12. Bh3 Nfd7 13. Nxd7 Nxd7 14. f4 f5 15. Ra3 Nf6 {0-1 (26) Martins,G (2107)-Pereira,S (2276) Fortaleza 2017}) 11... Qb6 12. Rd1 Rd8 13. Nf3 (13. Be3 $5 {[%cal Rd4d5]} Qa6 14. Qe1 $14) 13... Qa6 14. Qe1 Re8 15. Be3 Nd5 16. Bf1 Qb6 17. Nxd5 cxd5 18. Bb5 Rc8 19. Rd2 Qd8 (19... Bd7 $11) 20. c3 $36 {[%mdl 2048] White is pushing.} Nd7 21. Bf4 Nf6 22. Bd3 Ne8 23. h4 Nd6 24. h5 Bf5 25. hxg6 hxg6 26. Bxd6 Qxd6 27. Bxf5 gxf5 28. Kg2 f4 29. Re2 Rc7 30. Qd2 Bh6 (30... fxg3 $16 31. fxg3 Qh6) 31. Qd3 $18 Ra6 32. Ne5 Bg7 $2 (32... Qf6 33. Qb5 e6 34. Qe8+ Kg7) 33. Rh1 (33. gxf4 f6 $16) 33... Kf8 34. Qf5 {[%csl Ge5][%cal Rf5f7]} ({Resist} 34. gxf4 Qf6 $18) 34... Bxe5 35. Rxe5 {Threatening mate with Rh8+.} Qf6 36. Rxd5 {Rd8+ would kill now.} Qxf5 37. Rxf5 fxg3 {[#]} 38. Kxg3 {[%mdl 4096] Endgame KRR-KRR} (38. Rh8+ $1 $18 Kg7 39. Rhh5) 38... Rb6 $16 39. Rb5 ({Much worse is} 39. Rxa5 $6 Rxb2 40. Rc1 Rb3 $11) 39... Rg6+ (39... Rxb5 $16 40. axb5 Kg7) 40. Kf3 b6 41. d5 Rc4 42. Rh8+ Kg7 43. Rb8 Rxa4 (43... Rgg4 $16 44. R8xb6 (44. R5xb6 Rxa4 45. b4 Rh4 $16) 44... Rgf4+ 45. Ke2 Rxa4) 44. R8xb6 $18 Rg5 45. Ra6 Rf5+ 46. Ke3 Raf4 47. Raxa5 Rxf2 48. Kd4 Rd2+ {[#]} 49. Kc4 $1 Rf4+ (49... Rf3 $16 50. b4 Rf4+ 51. Kb3 Re4) 50. Kc5 Rff2 51. Ra7 Rfe2 (51... Rf5 $142 52. Kb6 Kf6) 52. Rbb7 Kf6 53. b3 Re5 (53... Re3 $142 54. c4 Rc2) 54. c4 Rde2 55. Kc6 Kg6 56. d6 exd6 57. Rxf7 Rd2 {intending ...Rc5+.} 58. Rg7+ Kf5 59. Raf7+ Ke4 60. Re7 Rd3 $2 (60... Ra2 61. Kxd6 Ra6+ 62. Kd7 Ra7+ 63. Ke8 Ra8+ 64. Kf7 Rxe7+ 65. Kxe7 Ra7+ 66. Kf8 Ra8+ 67. Kf7 Ra7+ 68. Kg6 Ra6+ 69. Kh7 Rb6) 61. Rxe5+ dxe5 {KR-KR} 62. b4 Kd4 63. c5 {[%cal Bc4c5,Bc5c6,Bc6c7][%mdl 32]} e4 64. Kb6 (64. b5 $142 {b6 is the strong threat.} Rb3 65. b6) 64... Rb3 65. Kb5 (65. Ka5 $142) 65... e3 66. Re7 Kd3 $2 (66... Kd5 $18 67. Rd7+ Ke6 68. Rd6+ Ke5) 67. c6 {White mates.} e2 68. c7 Rc3 69. Kb6 Rc4 70. b5 Re4 71. Rxe4 {[%mdl 32768] Precision: White = 69%, Black = 29%. . An unexpected result.} 1/2-1/2

[Event "44th Guernsey Festival 2018"]
[Site "Vale"]
[Date "2018.10.23"]
[Round "3"]
[White "Waddington, Mike P"]
[Black "Heppell, Ian N"]
[Result "0-1"]
[WhiteElo "2096"]
[BlackElo "2031"]
[Annotator "NA"]
[PlyCount "70"]
[EventDate "2018.10.21"]
[EventCountry "GCI"]
[SourceTitle "playchess.com"]
[Source "ChessBase"]
[SourceQuality "1"]

1. Nc3 Nf6 2. e4 e5 3. g3 d5 4. exd5 c6 5. Qe2 cxd5 6. Qxe5+ Be7 7. d4 Nc6 8. Bb5 O-O 9. Bxc6 bxc6 10. Nge2 Bd6 11. Qg5 h6 12. Qd2 Bh3 13. Qd3 Rb8 14. f3 Qd7 $17 ({Better is} 14... Re8 15. b3 Qd7) 15. Kf2 Bf5 16. Qd2 c5 17. Nd1 Rfe8 18. c3 c4 19. Ne3 Bd3 20. Ng1 Re7 21. b3 Rbe8 22. Qd1 Ba3 23. Bxa3 Rxe3 24. h4 Qf5 25. bxc4 dxc4 26. g4 Nxg4+ 27. Kg3 Be2 28. Qxe2 Rxe2 29. Nxe2 Rxe2 30. Rhe1 Rxe1 31. Rxe1 Nf6 32. Re5 Nh5+ 33. Kg2 Qc2+ 34. Kg1 Nf4 35. Kf1 Qg2+ 0-1

[Event "44th Guernsey Festival 2018"]
[Site "Vale"]
[Date "2018.10.23"]
[Round "3"]
[White "Rosen, Daniel B"]
[Black "Bolt, Graham"]
[Result "1-0"]
[WhiteElo "2081"]
[BlackElo "1994"]
[Annotator "NA RC"]
[PlyCount "96"]
[EventDate "2018.10.21"]
[EventCountry "GCI"]
[SourceTitle "playchess.com"]
[Source "ChessBase"]
[SourceQuality "1"]

1. e4 c5 2. Nc3 Nc6 3. f4 g6 4. Nf3 Bg7 5. Bc4 e6 6. O-O Nge7 7. d3 O-O 8. Bb3 d5 9. Qe1 Na5 10. Bd2 Nxb3 11. axb3 Nc6 12. e5 {B23: Closed Sicilian: Lines without g3} Bd7 13. Ne2 $146 ({Predecessor:} 13. Na4 b6 14. b4 cxb4 15. Bxb4 Nxb4 16. Qxb4 Qc7 17. Nc3 a5 18. Qe7 Rae8 19. Qh4 {½-½ (29) Shadrina,T (2344)-Pogonina,N (2340) Vladimir 2003}) 13... f6 14. Qg3 Qc7 15. exf6 Bxf6 16. Bc3 d4 17. Bd2 b5 18. Ng5 Rae8 19. Ne4 Ne7 20. Nxf6+ Rxf6 21. Qg5 Rf5 22. Qh4 Rf7 23. b4 Nf5 24. Qf2 Bc8 25. bxc5 Qxc5 26. c3 a6 27. Nxd4 Bb7 28. Nb3 Qxf2+ 29. Rxf2 Rc7 30. Re2 Kf7 31. d4 Bc8 32. Nc5 Rc6 33. Be1 Ne7 34. Bg3 Nd5 35. Rae1 Nf6 36. Bh4 Nd5 37. Re5 Nc7 38. Ne4 Rf8 39. Rc5 Rxc5 40. dxc5 Bd7 41. Nf6 Bc6 42. Nxh7 Rh8 43. Ng5+ Ke8 $18 44. Bg3 Rh5 45. Nxe6 Kd7 46. Nf8+ Kc8 47. Nxg6 Nd5 48. Re6 Rh8 1-0

[Event "44th Guernsey Festival 2018"]
[Site "Vale"]
[Date "2018.10.23"]
[Round "3"]
[White "Havenaar, Jan"]
[Black "Hillarp Persson, Tiger"]
[Result "0-1"]
[WhiteElo "2043"]
[BlackElo "2544"]
[Annotator "TA"]
[PlyCount "54"]
[EventDate "2018.10.21"]
[EventCountry "GCI"]
[SourceTitle "playchess.com"]
[Source "ChessBase"]
[SourceQuality "1"]

{[%evp 9,54,-35,-26,-87,-91,-118,-123,-114,-95,-181,-104,-211,-181,-200,-163,-239,-237,-254,-254,-282,-302,-334,-280,-318,-302,-340,-329,-346,-367,-384,-347,-333,-332,-327,-324,-329,-322,-369,-366,-453,-452,-439,-424,-1824,-1768,-29989,-29990]} 1. Nc3 a6 (1... d5 2. e4 dxe4 3. Nxe4 Nd7 4. d4 Ngf6 5. Bd3 Nxe4 6. Bxe4 Nf6 7. Bf3 c6 8. Ne2 Bg4 9. Bxg4 Nxg4 10. h3 Nf6 11. c4 e6 12. O-O {½-½ (55) Mamedyarov,S (2801)-Giri,A (2782) chess.com INT 2018}) 2. g3 d5 3. Bg2 d4 $146 ({Predecessor:} 3... Nf6 4. d3 c6 5. f4 d4 6. Ne4 Qa5+ 7. Bd2 Qb6 8. Nxf6+ exf6 9. Qc1 {1-0 (38) Spice,A (2216)-Morcom,H (1881) Newport 2007}) 4. Ne4 f5 5. Ng5 e5 {[%cal Be7e5,Be5e4][%mdl 32]} 6. h4 {A00: Irregular Openings} (6. d3 $11 {keeps the balance.}) 6... h6 $17 7. N5f3 {[#]} e4 $1 8. Ne5 {[#]Black is better.} Qf6 $1 {[%cal Rf6e5]} 9. f4 (9. Nc4 $17 {was called for.}) 9... Nd7 ({Better is} 9... exf3 $19 10. Ngxf3 Bd6) 10. Nxd7 (10. d3 $17) 10... Bxd7 $19 (10... Kxd7 11. d3 $14) 11. c3 c5 12. Qc2 (12. d3 $142) 12... Qg6 13. Rh3 Bc6 14. b4 Nf6 15. Bb2 Rd8 ({Weaker is} 15... cxb4 16. cxd4 Bd6 17. e3 $19) 16. bxc5 d3 ({Less strong is} 16... Bxc5 17. cxd4 Bxd4 18. Bxd4 $17) 17. exd3 Rxd3 18. Ne2 Bxc5 19. O-O-O O-O 20. Bf1 Rfd8 21. Nd4 Bxd4 22. cxd4 Qe8 ({Don't take} 22... Rxg3 23. Rxg3 Qxg3 24. Qb3+ Qxb3 25. axb3 $19) 23. Bxd3 exd3 24. Qxd3 Rc8 25. Bc3 Be4 26. Qe2 (26. Re1 $142 Bxd3 27. Rxe8+ Rxe8 28. Rh1) 26... Qa4 {[%csl Ge4][%cal Ra4c2]} 27. Kb2 Qc2+ {Precision: White = 25%, Black = 88%.} 0-1

[Event "44th Guernsey Festival 2018"]
[Site "Vale"]
[Date "2018.10.23"]
[Round "3"]
[White "Kirk, Matthew"]
[Black "Haisma, Henk"]
[Result "0-1"]
[WhiteElo "1732"]
[BlackElo "1787"]
[Annotator "NA"]
[PlyCount "105"]
[EventDate "2018.10.21"]
[EventCountry "GCI"]
[SourceTitle "playchess.com"]
[Source "ChessBase"]
[SourceQuality "1"]

1. d4 d5 2. c4 c6 3. Nc3 Nf6 4. cxd5 cxd5 5. Nf3 Nc6 6. g3 e6 7. Bg2 Bd6 8. O-O a6 9. Bg5 h6 10. Bxf6 Qxf6 11. e4 dxe4 12. Nxe4 Qd8 13. Nxd6+ Qxd6 14. Re1 O-O 15. Qd2 Ne7 16. Rad1 Rb8 17. Ne5 Nd5 18. Nc4 Qd7 19. Ne5 Qd8 20. Rc1 Ne7 21. Qf4 Bd7 22. Nxd7 Qxd7 23. Rc7 Qb5 24. Rxe7 Qb4 25. R7xe6 fxe6 26. Qe5 Rbe8 27. Re4 Qxb2 28. Rg4 Qxf2+ 29. Kh1 Rf6 30. d5 Rc8 31. h4 Rc1+ 32. Kh2 Qg1+ 33. Kh3 Qf2 34. dxe6 Qf5 35. Qb8+ Rf8 36. Qxb7 Qe5 37. Bc6 h5 38. Rg5 Qxe6+ 39. Kh2 Rc2+ 40. Bg2 g6 41. Qb3 Qxb3 42. axb3 Kg7 43. g4 Rf4 44. gxh5 Rxh4+ 45. Kg3 Rxh5 46. Rxg6+ Kxg6 47. Be4+ Kf6 48. Bxc2 Ke5 49. b4 Kd4 50. Bd1 Re5 51. Bf3 Kc4 52. Kf4 Re7 53. Kg3 0-1